| Tag |
First Indicator |
Second Indicator |
Subfields |
| LEADER |
00000ctm a2200000Ia 4500 |
| 001 |
in00000017587 |
| 005 |
20220104090746.0 |
| 008 |
880627s1987 xx a bm 000 0 eng d |
| 035 |
|
|
|9 AAB1698AM
|
| 035 |
|
|
|a (OCoLC)18141032
|
| 035 |
|
|
|a (OCoLC)ocm18141032
|
| 040 |
|
|
|a TXA
|b eng
|c TXA
|d OCLCQ
|d OCLCF
|d OCLCQ
|d UMI
|d OCLCO
|d TXA
|
| 049 |
|
|
|a TXAM
|
| 099 |
|
|
|a 1987
|a Dissertation
|a O23
|
| 100 |
1 |
|
|a Oden, Gary Lynn.
|
| 245 |
1 |
4 |
|a The effects of an employee fitness program on worker productivity, absenteeism, and health care cost.
|
| 264 |
|
1 |
|c 1987.
|
| 300 |
|
|
|a x, 127 leaves :
|b illustrations ;
|c 29 cm
|
| 336 |
|
|
|a text
|b txt
|2 rdacontent
|
| 337 |
|
|
|a unmediated
|b n
|2 rdamedia
|
| 338 |
|
|
|a volume
|b nc
|2 rdacarrier
|
| 500 |
|
|
|a Typescript (photocopy).
|
| 500 |
|
|
|a Vita.
|
| 502 |
|
|
|b Ph. D. in Physical Education
|c Texas A & M University
|d 1987
|
| 504 |
|
|
|a Includes bibliographical references (leaves 83-95).
|
| 520 |
3 |
|
|a Forty-five sedentary volunteers, employed by Westinghouse Corporation, completed pre-, mid-, and post-test evaluations and served as subjects for this investigation. Subjects underwent evaluations for maximum oxygen uptake, percent body fat, blood lipids, job-related tension, and job satisfaction. A 6-month pre-study baseline was established for the variables of productivity and absenteeism and these variables were monitored continuously during the study. Health care cost for the 24-week treatment period was monitored and used for comparison between groups. Subjects were randomly assigned to either an exercise or control group. Control group members were asked to refrain from engaging in physical activities, beyond their normal daily routine, while exercise group members participated in aerobic training sessions a minimum of 3 days per week for a duration of 24 weeks. Analysis of variance results indicate that the exercise group showed significant (p<.05) improvement for maximum oxygen uptake and percent body fat. Both groups showed a significant (p<.05) reduction in total cholesterol, while the exercise group showed a significant (p<.05) increase in high density lipoprotein cholesterol. Results for job-related tension and job satisfaction were nonsignificant. Differences for productivity, absenteeism, and health care cost were also found to be nonsignificant.
|
| 650 |
|
0 |
|a Exercise
|x Physiological aspects.
|
| 650 |
|
0 |
|a Labor productivity.
|
| 650 |
|
4 |
|a Major physical education.
|
| 655 |
|
7 |
|a Academic theses
|2 lcgft
|
| 700 |
1 |
|
|a Chevrette, John M.,
|e degree supervisor.
|
| 700 |
1 |
|
|a Crouse, Stephen F.,
|e degree committee member.
|
| 700 |
1 |
|
|a LeUnes, Arnold D.,
|e degree committee member.
|
| 700 |
1 |
|
|a Shea, Charles H.,
|e degree committee member.
|
| 710 |
2 |
|
|a Texas A & M University,
|e degree granting institution.
|
| 856 |
4 |
1 |
|u http://proxy.library.tamu.edu/login?url=http://proquest.umi.com/pqdweb?did=752309011&sid=1&Fmt=2&clientId=2945&RQT=309&VName=PQD
|z Link to ProQuest copy
|t 0
|
| 856 |
4 |
1 |
|u https://hdl.handle.net/1969.1/DISSERTATIONS-25306
|z Link to OAKTrust copy
|t 0
|
| 994 |
|
|
|a C0
|b TXA
|
| 999 |
f |
f |
|s 574fe26d-a7ec-3ea0-9cbe-485f143d9f50
|i 41ccb2f1-c832-3dbe-b801-9d4f6899eac5
|t 0
|
| 952 |
f |
f |
|p noncirc
|a Texas A&M University
|b J.J. Pickle Campus
|c High Density Repository
|s HDR
|d Remote Storage
|t 0
|e 1987 Dissertation O23
|h Other scheme
|i unmediated -- volume
|m A14839624375
|
| 952 |
f |
f |
|a Texas A&M University
|b College Station
|c Electronic Resources
|s www_evans
|d Available Online
|t 0
|e 1987 Dissertation O23
|h Other scheme
|
| 998 |
f |
f |
|a 1987 Dissertation O23
|t 0
|l Available Online
|
| 998 |
f |
f |
|a 1987 Dissertation O23
|t 0
|l Remote Storage
|